Nehru : (Record no. 129758)

MARC details
000 -LEADER
fixed length control field 00716nam a22002297a 4500
005 - DATE AND TIME OF LATEST TRANSACTION
control field 20170124110102.0
010 ## - LIBRARY OF CONGRESS CONTROL NUMBER
LC control number A-371739
020 ## - INTERNATIONAL STANDARD BOOK NUMBER
Terms of availability 00.00
International Standard Book Number 8185167230
035 ## - SYSTEM CONTROL NUMBER
System control number A-371739
037 ## - SOURCE OF ACQUISITION
Source of stock number/acquisition Cen Lib/Ret
040 ## - CATALOGING SOURCE
Original cataloging agency DPL
Language of cataloging EN
082 ## - DEWEY DECIMAL CLASSIFICATION NUMBER
Classification number 954.09
Item number NEH
245 ## - TITLE STATEMENT
Title Nehru :
Statement of responsibility, etc edited by R.S. Darda
Remainder of title a panoramic profile /
260 ## - PUBLICATION, DISTRIBUTION, ETC. (IMPRINT)
Name of publisher, distributor, etc Himanshu Publications
Date of publication, distribution, etc 1989
Place of publication, distribution, etc Udaipur
270 ## - ADDRESS
Address 5-k/51, ram singh ki badi, sector-11
City Udaipur
300 ## - PHYSICAL DESCRIPTION
Extent 102p.
Dimensions 21cm(Hb)
500 ## - GENERAL NOTE
General note Includes bibliographical references and index
650 ## - SUBJECT ADDED ENTRY--TOPICAL TERM
Topical term or geographic name as entry element Plotical science
9 (RLIN) 27315
650 ## - SUBJECT ADDED ENTRY--TOPICAL TERM
Topical term or geographic name as entry element Social-economic context
9 (RLIN) 27316
700 ## - ADDED ENTRY--PERSONAL NAME
Personal name Darda, R.S.
9 (RLIN) 75436
942 ## - ADDED ENTRY ELEMENTS (KOHA)
Source of classification or shelving scheme Dewey Decimal Classification
Koha item type English Books
Classification part 954.09
Call number suffix NEH
Holdings
Withdrawn status Lost status Damaged status Not for loan Home library Current library Date acquired Source of acquisition Cost, normal purchase price Total Checkouts Full call number Barcode Date last seen Date checked out Copy number Cost, replacement price Price effective from Koha item type
        Central Library Central Library 07/07/2015 Cen Lib/Ret 0.00 1 954.09 NEH A-371739 16/04/2018 31/03/2018 1 0.00 07/07/2015 English Books

© Delhi Public Library
Hit Counter
free hit counter